Shakhṣīyāt adabīyah min al-Mashriq wa-al-Maghrib (Record no. 49191)
[ view plain ]
| 000 -LEADER | |
|---|---|
| fixed length control field | 00898cam a22002771 4500 |
| 001 - CONTROL NUMBER | |
| control field | ne 66001857 |
| 003 - CONTROL NUMBER IDENTIFIER | |
| control field | DLC |
| 005 - DATE AND TIME OF LATEST TRANSACTION | |
| control field | 20260227111827.0 |
| 008 - FIXED-LENGTH DATA ELEMENTS--GENERAL INFORMATION | |
| fixed length control field | 880830s1966 le b 000 0 arar |
| 010 ## - LIBRARY OF CONGRESS CONTROL NUMBER | |
| LC control number | ne 66001857 |
| 035 ## - SYSTEM CONTROL NUMBER | |
| System control number | (OCoLC)18425468 |
| 040 ## - CATALOGING SOURCE | |
| Original cataloging agency | DLC |
| Transcribing agency | WaU |
| Modifying agency | DLC |
| 042 ## - AUTHENTICATION CODE | |
| Authentication code | premarc |
| 043 ## - GEOGRAPHIC AREA CODE | |
| Geographic area code | ma----- |
| 050 00 - LIBRARY OF CONGRESS CALL NUMBER | |
| Classification number | PJ7515 |
| Item number | .K3 |
| 100 1# - MAIN ENTRY--PERSONAL NAME | |
| Personal name | Karrū, Abū al-Qāsim Muḥammad, |
| Dates associated with a name | 1924- |
| 245 10 - TITLE STATEMENT | |
| Title | Shakhṣīyāt adabīyah min al-Mashriq wa-al-Maghrib |
| Statement of responsibility, etc. | [taʼlīf] Abū al-Qāsim Muḥammad Karrū [wa-] ʻAbd Allāh Shurayyiṭ. |
| 250 ## - EDITION STATEMENT | |
| Edition statement | [al-Ṭabʻah 2] |
| 260 ## - PUBLICATION, DISTRIBUTION, ETC. | |
| Place of publication, distribution, etc. | Bayrūt, |
| Name of publisher, distributor, etc. | Dār Maktabat al-Ḥayāh |
| Date of publication, distribution, etc. | [1966] |
| 300 ## - PHYSICAL DESCRIPTION | |
| Extent | 334 p. |
| 500 ## - GENERAL NOTE | |
| General note | Author's names in reverse order in 1958 ed. |
| 504 ## - BIBLIOGRAPHY, ETC. NOTE | |
| Bibliography, etc. note | Bibliography: p. 10-12. |
| 650 #0 - SUBJECT ADDED ENTRY--TOPICAL TERM | |
| Topical term or geographic name entry element | Arabic literature |
| General subdivision | History and criticism. |
| 650 #0 - SUBJECT ADDED ENTRY--TOPICAL TERM | |
| Topical term or geographic name entry element | Authors, Arab. |
| 700 1# - ADDED ENTRY--PERSONAL NAME | |
| Personal name | Shurayyiṭ, ʻAbd Allāh. |
No items available.